1573 1042 1876 1183 1473 1796 1273 1841 1030 1743 1573 1735 1528 1259 1238 1182 1957 1020 1976 1748 1639 1147 1552 1788 1299 1553 1970 1194 1142 1117 1846 1191 1525 1634 1416 1949 1926 1968 1083 1059 1286 1255 1901 1753 1905 1423 1169 1552 1827 1193 1567 1298 1237 1971 1021 1704 1642 1563 1409 1585 1185 1063 1622 1048 1802 1692 1384 1862 1256 1943 1863 1586 1606 1046 1464 1329 1640 1004 1008 1711 1296 1179 1393 1302 1875 1928 1893 1241 1662 1514 1920 1775 1236 1821 1833 1055 1934 1810 1277 BCNSPRNW ULIB Ver.6.0+V

เปลี่ยนเป็นภาษาไทย

Change to English
 แสดงรายละเอียดบรรณานุกรม
  กลับหน้าหลัก

Brief Record : Get Marc (ISO 2709) : E-mail record : QR code < ปิดหน้าต่าง
LEADER : 00000nam 2200000uu 4500
001    13399122502
003     ULIB
008    020711s2552 th a 000 0 tha d
020    9786167059235
090    นว.^bช32พ
100    ชญา
110    ไอวี่ บุ๊คเฮ้าส์
245    พ่ายรักอสูร./^cชญา
250    พิมพ์ครั้งที่ 1
260    กรุงเทพฯ :^bไอวี่ บุ๊คเฮ้าส์,^c2552
300    352 หน้า
945    ^p234^l0^i19961
999    ^aทศพร เกษรทอง
รายการนี้ยังไม่มีแท็ก
คุณยังไม่ได้ล็อกอิน คุณสามารถมีกิจกรรมร่วมกับเว็บไซต์ได้ แต่ต้องล็อกอินก่อน ::
  ล็อกอิน

รายการสื่อสารสนเทศ

ลำดับที่ ประเภท เลขเรียก/บาร์โค้ด สถานที่ สถานะ
1. นวนิยาย
นวนิยาย
นว. ช32พ  
  Barcode: 19961
ห้องสมุดวิทยาเขตสวรรค์ประชารักษ์
►นวนิยาย
บนชั้น
  ขอยืม

รายการใกล้เคียง
    ผู้แต่ง [ชญา]

BibComment


ยังไม่เคยถูกคอมเมนท์

คอมเมนท์ทรัพยากรรายการนี้
  คอมเมนท์: พ่ายรักอสูร ชญา


 Copyright 2026. Bcnsprnw @Library